|
|
|
|
| LEADER |
00912nam a2200253 a 4500 |
| 001 |
3195097 |
| 008 |
090614s1978 pau b 001 0 eng d |
| 010 |
|
|
|a 77077106
|
| 020 |
|
|
|a 0721670482
|
| 040 |
|
|
|a DLC
|c DLC
|d DLC
|
| 082 |
0 |
0 |
|a 658.4/012
|2 19
|
| 100 |
1 |
|
|a Paine, Frank T.
|
| 245 |
1 |
0 |
|a Organizational strategy and policy /
|c Frank T. Paine, William Naumes.
|
| 250 |
|
|
|a 2d ed.
|
| 260 |
|
|
|a Philadelphia :
|b Saunders,
|c 1978.
|
| 300 |
|
|
|a x, 292 p. ;
|c 25 cm.
|
| 504 |
|
|
|a Includes bibliographies and indexes.
|
| 541 |
1 |
|
|e 00001601
|
| 650 |
|
0 |
|a Decision making.
|
| 650 |
|
0 |
|a Management.
|
| 700 |
1 |
|
|a Naumes, William,
|e joint author.
|
| 852 |
4 |
|
|a Ayesha Abed Library
|j General Shelf.
|
| 999 |
|
|
|c 1642
|d 1642
|
| 952 |
|
|
|0 0
|1 0
|2 ddc
|4 0
|6 658_401200000000000_PAI
|7 0
|9 1507
|a BRACUL
|b BRACUL
|c GEN
|d 2009-06-28
|g 0.00
|l 0
|o 658.4012 PAI
|p 3010001601
|r 2009-06-28
|t 1
|w 2009-06-28
|y BK
|x No price found in the accession register.
|